|
|
|
|
| LEADER |
00000nas a2200000 a 4500 |
| 001 |
ssj0000399897 |
| 003 |
WaSeSS |
| 005 |
20200512172242.0 |
| 006 |
m d |
| 007 |
cr n |
| 008 |
101026c20109999enkqr p s i0 a0eng c |
| 010 |
|
|
|a 2010250753
|
| 015 |
|
|
|a GBB0E6733
|2 bnb
|
| 016 |
7 |
|
|a 2576115-8
|2 DE-600
|
| 016 |
7 |
|
|a 015293227
|2 Uk
|
| 022 |
|
|
|a 2041-417X
|y 2041-4161
|
| 035 |
|
|
|a (WaSeSS)ssj0000399897
|
| 037 |
|
|
|a 22573/cts99c0p
|b JSTOR
|
| 040 |
|
|
|a BUF
|b eng
|e pn
|c BUF
|d DOS
|d HEBIS
|d TXA
|d MYG
|d UKMGB
|d OCLCQ
|d OCLCO
|d OCLCF
|d OCLCO
|d TEF
|d OCLCQ
|d DOS
|d OCLCO
|d AU@
|d UUM
|d OCLCO
|d DLC
|d WaSeSS
|
| 042 |
|
|
|a pcc
|
| 050 |
0 |
0 |
|a HG3810
|
| 082 |
0 |
4 |
|a 332.4505
|2 23
|
| 245 |
0 |
0 |
|a IMF economic review
|h [electronic resource] /
|c International Monetary Fund.
|
| 246 |
1 |
|
|a Economic review
|
| 246 |
1 |
|
|a International Monetary Fund economic review
|
| 246 |
1 |
|
|i Called also:
|a IMFER
|
| 260 |
|
|
|a Basingstoke, Hampshire :
|b Palgrave Macmillan,
|c ©2010-
|
| 310 |
|
|
|a Quarterly
|
| 362 |
1 |
|
|a Began with: Vol. 58, no. 1 (August 2010).
|
| 506 |
|
|
|a License restrictions may limit access.
|
| 588 |
|
|
|a Description based on: Vol. 58, no. 1 (August 2010); title from article PDF (Palgrave, viewed Jun. 23, 2011).
|
| 588 |
|
|
|a Latest issue consulted: Vol. 67, no. 2 (June 2019) (SpringerLink website, viewed Aug. 12, 2019).
|
| 650 |
|
0 |
|a Commerce
|v Periodicals.
|
| 650 |
|
0 |
|a Economic development
|v Periodicals.
|
| 650 |
|
0 |
|a Economic history
|v Periodicals.
|
| 650 |
|
0 |
|a Currency question
|v Periodicals.
|
| 650 |
|
0 |
|a Foreign exchange
|v Periodicals.
|
| 650 |
|
7 |
|a Commerce.
|2 fast
|0 (OCoLC)fst00869279
|
| 650 |
|
7 |
|a Currency question.
|2 fast
|0 (OCoLC)fst00885329
|
| 650 |
|
7 |
|a Economic development.
|2 fast
|0 (OCoLC)fst00901785
|
| 650 |
|
7 |
|a Economic history.
|2 fast
|0 (OCoLC)fst00901974
|
| 650 |
|
7 |
|a Foreign exchange.
|2 fast
|0 (OCoLC)fst00931768
|
| 655 |
|
0 |
|a Electronic journals.
|
| 710 |
2 |
|
|a International Monetary Fund.
|
| 776 |
0 |
8 |
|i Print version:
|t IMF economic review
|x 2041-4161
|w (DLC) 2011245100
|w (OCoLC)664584303
|
| 780 |
0 |
0 |
|t IMF staff papers (Online)
|x 1564-5150
|w (DLC) 2001227297
|w (OCoLC)42307658
|
| 850 |
|
|
|a DLC
|
| 856 |
4 |
0 |
|z Full text available from Research Library: 2010 to 1 year ago
|u https://search.proquest.com/publication/45478
|